What you are looking for is in the library : (Record no. 404660)
[ view plain ]
| 000 -LEADER | |
|---|---|
| fixed length control field | 02401pam a2200397 i 4500 |
| 001 - CONTROL NUMBER | |
| control field | BK0030428003 |
| 005 - DATE AND TIME OF LATEST TRANSACTION | |
| control field | 20250221102608.0 |
| 008 - FIXED-LENGTH DATA ELEMENTS--GENERAL INFORMATION | |
| fixed length control field | 230824r20232023onca 000 1 eng d |
| 010 ## - LIBRARY OF CONGRESS CONTROL NUMBER | |
| LC control number | bl2023026318 |
| 020 ## - INTERNATIONAL STANDARD BOOK NUMBER | |
| International Standard Book Number | 9781335005625 : HRD |
| Terms of availability | 21.99 |
| 020 ## - INTERNATIONAL STANDARD BOOK NUMBER | |
| International Standard Book Number | 1335005625 : HRD |
| Terms of availability | 21.99 |
| Qualifying information | hc. |
| 037 ## - SOURCE OF ACQUISITION | |
| Source of stock number/acquisition | Harlequin Books, C/O Harpercollins 30 Ed Preate Dr Ste 106, Moosaic, PA, USA, 18507 |
| Note | SAN 200-2086 |
| 040 ## - CATALOGING SOURCE | |
| Original cataloging agency | NjBwBT |
| Language of cataloging | eng |
| Transcribing agency | NjBwBT |
| Description conventions | rda |
| Modifying agency | GCmBT |
| 041 1# - LANGUAGE CODE | |
| Language code of text/sound track or separate title | eng |
| Language code of original and/or intermediate translations of text | jpn |
| 050 14 - LIBRARY OF CONGRESS CALL NUMBER | |
| Classification number | PL867.5.O9275 |
| Item number | W43 2023 |
| 082 04 - DEWEY DECIMAL CLASSIFICATION NUMBER | |
| Classification number | 895.63/6 |
| Edition number | 23/eng/20230824 |
| 092 ## - LOCALLY ASSIGNED DEWEY CALL NUMBER (OCLC) | |
| Classification number | 895.6360 |
| 100 1# - MAIN ENTRY--PERSONAL NAME | |
| Personal name | Aoyama, Michiko, |
| Dates associated with a name | 1970- |
| Relator term | author. |
| 9 (RLIN) | 6497225 |
| 245 10 - TITLE STATEMENT | |
| Title | What you are looking for is in the library : |
| Remainder of title | a novel / |
| Statement of responsibility, etc | Michiko Aoyama ; translated from the Japanese by Alison Watts. |
| 264 #1 - Production, Publication, Distribution, Manufacture, and Copyright Notice. | |
| Place of production, publication, distribution, manufacture | Toronto, Ontario, Canada : |
| Name of producer, publisher, distributor, manufacturer | Hanover Square Press, |
| Date of production, publication, distribution, manufacture, or copyr | 2023. |
| 300 ## - PHYSICAL DESCRIPTION | |
| Extent | 300 pages : |
| Other physical details | illustrations ; |
| Dimensions | 19 cm |
| 336 ## - Content Type | |
| Content type term | text |
| 337 ## - Media type | |
| Media type term | unmediated |
| 338 ## - Carrier type | |
| Carrier type term | volume |
| 520 ## - SUMMARY, ETC. | |
| Summary, etc | What are you looking for? So asks Tokyo's most enigmatic librarian. For Sayuri Komachi is able to sense exactly what each visitor to her library is searching for and provide just the book recommendation to help them find it. A restless retail assistant looks to gain new skills, a mother tries to overcome demotion at work after maternity leave, a conscientious accountant yearns to open an antique store, a recently retired salaryman searches for newfound purpose. In Komachi's unique book recommendations they will find just what they need to achieve their dreams. What You Are Looking For Is in the Library is about the magic of libraries and the discovery of connection. This inspirational tale shows how, by listening to our hearts, seizing opportunity and reaching out, we too can fulfill our lifelong dreams. Which book will you recommend?"-- |
| 650 #0 - SUBJECT ADDED ENTRY--TOPICAL TERM | |
| Topical term or geographic name as entry element | Reference librarians |
| Form subdivision | Fiction. |
| 9 (RLIN) | 6539199 |
| 650 #0 - SUBJECT ADDED ENTRY--TOPICAL TERM | |
| Topical term or geographic name as entry element | Library users |
| Form subdivision | Fiction. |
| 9 (RLIN) | 6539200 |
| 650 #0 - SUBJECT ADDED ENTRY--TOPICAL TERM | |
| Topical term or geographic name as entry element | Books and reading |
| Form subdivision | Fiction. |
| 9 (RLIN) | 5684815 |
| 650 #0 - SUBJECT ADDED ENTRY--TOPICAL TERM | |
| Topical term or geographic name as entry element | Counseling |
| Form subdivision | Fiction. |
| 9 (RLIN) | 6539201 |
| 651 #0 - SUBJECT ADDED ENTRY--GEOGRAPHIC NAME | |
| Geographic name | Tokyo (Japan) |
| Form subdivision | Fiction. |
| 9 (RLIN) | 5683242 |
| 655 #7 - INDEX TERM--GENRE/FORM | |
| Genre/form data or focus term | Novels. |
| Source of term | lcgft |
| 700 1# - ADDED ENTRY--PERSONAL NAME | |
| Personal name | Watts, Alison, |
| Relator term | translator. |
| 9 (RLIN) | 6497231 |
| 775 08 - OTHER EDITION ENTRY | |
| Display text | Reproduction of (manifestation): |
| 775 08 - OTHER EDITION ENTRY | |
| Main entry heading | Aoyama, Michiko, 1970- |
| Title | What you are looking for is in the library |
| Place, publisher, and date of publication | London : Doubleday, 2023 |
| International Standard Book Number | 9780857529121 |
| 942 ## - ADDED ENTRY ELEMENTS (KOHA) | |
| Source of classification or shelving scheme | Dewey Decimal Classification |
| Koha item type | BOOK |
| Withdrawn status | Lost status | Source of classification or shelving scheme | Damaged status | Not for loan | Collection code | Home library | Current library | Shelving location | Date acquired | Source of acquisition | Total Checkouts | Total Renewals | Full call number | Barcode | Date last seen | Date checked out | Cost, replacement price | Price effective from | Koha item type |
|---|---|---|---|---|---|---|---|---|---|---|---|---|---|---|---|---|---|---|---|
| Dewey Decimal Classification | Fiction | Wasatch County Library | Wasatch County Library | First Floor | 12/05/2024 | Amazon | 6 | 2 | F Aoyama | 34301002139188 | 08/08/2025 | 05/19/2025 | 15.01 | 12/05/2024 | BOOK |
